000 01030nam a2200265Ia 4500
005 20211111074634.0
008 130821s2003 ck gr spa
020 _a9586835464
040 _aCO-BoUCM
_bspa
_cJose A. Gerena (modificó)
_d[Nuevo]
041 0 0 _aspa
100 1 _aTarchópulos Sierra, Doris
_970070
245 1 0 _aCalidad de la vivienda dirigida a los sectores de bajos ingresos en Bogotá
_cDoris Tarchópulos Sierra y Olga Lucía Ceballos Ramos ; presentación Rafael Hernán Uribe Rivera
260 _aBogotá (Colombia)
_bCEJA
_c2003
300 _a100 páginas
650 0 7 _aUrbanismo
_925989
650 0 7 _aArquitectura
_97290
650 0 7 _aPolítica de vivienda
_zColombia
_927773
650 0 7 _aUrbanismo
_zColombia
_945141
650 0 7 _aVivienda popular
_zBogotá (Colombia)
_955500
690 _aUrbanismo
_925989
700 1 _aCeballos Ramos, Olga lucía
_970071
700 1 _aUribe Rivera, Rafael Hernán
_970072
942 _cLIBRO
_a17
_e1
_mS572c
_2DEWEY
_h711.4
999 _c53086
_d53086